| 000 | 00582nab a2200217 a 4500 | ||
|---|---|---|---|
| 005 | 20210219161101.0 | ||
| 008 | 991125s1985 mx 000 0 spa u | ||
| 035 | _aUPN01000178533 | ||
| 100 | 1 | _aGranillo Vázquez, Lilia | |
| 222 | _aENTRETEXTOS | ||
| 245 | _aBioética : apuntes humanistas por una vida sostenible | ||
| 260 | _aLeón, Guanajuato | ||
| 300 | _a33-43 | ||
| 362 | 0 | _a2009-2010 Año 1, no. 3, dic.-mar. | |
| 653 | 0 | _aBIOETICA | |
| 653 | 0 | _aCONOCIMIENTO | |
| 653 | 0 | _aCALIDAD DE VIDA | |
| 700 | 1 | _aFort, Liliana, | |
| 700 | 1 | _ecoaut. | |
| 905 | _aArticulo | ||
| 999 |
_c150636 _d150636 |
||